000 00684nam a2200277Ia 4500
005 20260121124824.0
008 008 260114s9999 xx 000 0 eng d
020 _a9780674065123
037 _aEBOOK
040 _aCRL
040 _beng
040 _cCRL
041 _2eng
041 _aeng
084 _qCRL
100 _aShulman, David
_9982560
245 0 _aMore than Real: A History of the Imagination in South India
260 _bWalter de Gruyter
260 _bWalter de Gruyter
260 _c2012
650 _aHistory
_9982561
856 _uhttp://www.degruyter.com/isbn/9780674065123
942 _cEBOOK
999 _c1557382
_d1557382